[Event "XX Festival A"]
[Site "Porto San Giorgio ITA"]
[Date "2008.08.26"]
[Round "6"]
[White "Rettore, Ludwig"]
[Black "Rago, Riccardo"]
[Result "1-0"]
[WhiteElo "2230"]
[BlackElo "2059"]
[PlyCount "97"]
[EventDate "2008.08.21"]

1. e4 c5 2. Nf3 Nc6 3. d4 cxd4 4. Nxd4 Nf6 5. Nc3 e5 6. Ndb5 d6 7. Bg5 a6 8.
Na3 b5 9. Nd5 Be7 10. Bxf6 Bxf6 11. c4 O-O 12. cxb5 axb5 13. Nxb5 Bg5 14. Bc4
Ba6 15. O-O Bxb5 16. Bxb5 Nd4 17. Bc4 Qb8 18. f4 Bd8 19. b3 Qa7 20. Kh1 exf4
21. Rxf4 Bg5 22. Rf1 Kh8 23. a4 Rfe8 24. Qh5 f6 25. Nf4 Bxf4 26. Rxf4 Nc2 27.
Rd1 Ne3 28. Rc1 Re5 29. Qf3 Nxc4 30. Rxc4 d5 31. Rc1 Rae8 32. h3 Qb8 33. a5
dxe4 34. Qe3 Rxa5 35. Rxe4 Rxe4 36. Qxe4 Re5 37. Qg4 Re8 38. b4 h6 39. Qd7 Rd8
40. Qe7 Rd4 41. Rc7 Qg8 42. b5 Rd5 43. b6 Re5 44. Qd7 Rd5 45. Qc6 Rd1+ 46. Kh2
Qb8 47. Qe6 Kh7 48. Qe4+ Kh8 49. Qe7 1-0

[Event "XX Festival A"]
[Site "Porto San Giorgio ITA"]
[Date "2008.08.26"]
[Round "6"]
[White "Saccona, Silvano"]
[Black "Eperjesi, Laszlo"]
[Result "0-1"]
[WhiteElo "2168"]
[BlackElo "2294"]
[PlyCount "98"]
[EventDate "2008.08.21"]

1. d4 Nf6 2. c4 e6 3. Nc3 Bb4 4. Bg5 h6 5. Bxf6 Bxc3+ 6. bxc3 Qxf6 7. e3 O-O 8.
c5 b6 9. cxb6 axb6 10. Be2 Bb7 11. Bf3 Nc6 12. Ne2 Ra3 13. O-O Rfa8 14. Qd2 d5
15. Qb2 Qe7 16. e4 dxe4 17. Bxe4 Na5 18. Bxb7 Nxb7 19. Ng3 Nd6 20. Rfe1 Qd7 21.
Re2 Qc6 22. Rc2 Nc4 23. Qc1 R8a5 24. Qf4 R3a4 25. h4 Nd6 26. f3 Rc4 27. Ne2 e5
28. Qd2 exd4 29. Nxd4 Qd5 30. Rd1 Qh5 31. Qf2 Rd5 32. Rdd2 f5 33. g3 Qg6 34.
Kh2 Qf6 35. Ne2 Rxd2 36. Rxd2 Qe5 37. h5 Qc5 38. Qf1 Qe3 39. Rc2 Qd3 40. Rc1
Ra4 41. Ra1 Qc2 42. a3 Ra5 43. Kh3 Rd5 44. Rc1 Qd2 45. Nf4 Nf7 46. Ng2 Ng5+ 47.
Kh4 Rd3 48. f4 Ne4 49. g4 Nf2 0-1

[Event "XX Festival A"]
[Site "Porto San Giorgio ITA"]
[Date "2008.08.26"]
[Round "6"]
[White "Stromboli, Carlo"]
[Black "Tomescu, Vlad"]
[Result "0-1"]
[WhiteElo "2263"]
[BlackElo "2405"]
[PlyCount "130"]
[EventDate "2008.08.21"]

1. e4 Nc6 2. d4 d5 3. e5 Bf5 4. c3 f6 5. f4 e6 6. Nf3 Nh6 7. Nbd2 fxe5 8. fxe5
Be7 9. Be2 O-O 10. Nf1 Be4 11. Ne3 a6 12. O-O Qd7 13. Bd3 Bxd3 14. Qxd3 Nf5 15.
Bd2 Rf7 16. Nxf5 Rxf5 17. g4 Rf7 18. Ng5 Bxg5 19. Bxg5 Raf8 20. Rxf7 Rxf7 21.
Rf1 Qe8 22. Kg2 Nb8 23. h4 Nd7 24. h5 c5 25. Rxf7 Qxf7 26. Qf3 Qe8 27. b3 cxd4
28. cxd4 Qc8 29. Qd3 Nb8 30. Bd2 Nc6 31. Bc3 Qf8 32. Qf3 Qa3 33. Qf2 Qc1 34.
Bd2 Qb2 35. Be3 Qb1 36. Qd2 a5 37. Kg3 Qe4 38. Bf2 h6 39. a3 Qb1 40. Qc3 Kf7
41. Qe3 Qc2 42. Kh4 b5 43. Kg3 a4 44. b4 Qb3 45. Kf4 Ne7 46. Be1 Ke8 47. Qc3
Kd7 48. Ke3 Qd1 49. Kf4 Qe2 50. Qe3 Qc2 51. Qc3 Qe2 52. Qd2 Qc4 53. Qe3 Nc8 54.
g5 Ne7 55. gxh6 gxh6 56. Bf2 Nf5 57. Qd2 Qf1 58. Kf3 Qh3+ 59. Ke2 Qxa3 60. Be1
Qa1 61. Qd3 Nxd4+ 62. Kf2 Qb2+ 63. Kf1 a3 64. Bc3 Qc1+ 65. Kf2 Qc2+ 0-1

[Event "XX Festival A"]
[Site "Porto San Giorgio ITA"]
[Date "2008.08.26"]
[Round "6"]
[White "Tommaselli, Giacomo"]
[Black "Suppa, Ercole"]
[Result "0-1"]
[WhiteElo "2018"]
[BlackElo "2119"]
[PlyCount "68"]
[EventDate "2008.08.21"]

1. d4 c5 2. e3 Nf6 3. Bd3 g6 4. Nf3 Bg7 5. c3 b6 6. O-O O-O 7. Nbd2 Nc6 8. Ng5
d6 9. f4 e5 10. dxc5 dxc5 11. Qc2 Nd5 12. Nb3 Ndb4 13. cxb4 Nxb4 14. Qf2 Nxd3
15. Qf3 Rb8 16. Rd1 h6 17. e4 hxg5 18. Rxd3 Qe7 19. Nd2 exf4 20. Nf1 Bb7 21.
Qg4 Bxe4 22. Rd7 Qe6 23. Qxe6 fxe6 24. Rxa7 Bd4+ 25. Kh1 Rf7 26. Rxf7 Kxf7 27.
h3 Rh8 28. Kh2 e5 29. Nd2 Bd5 30. Nf3 g4 31. Nxd4 exd4 32. a4 gxh3 33. gxh3 Be6
34. Ra3 Rc8 0-1

[Event "XX Festival A"]
[Site "Porto San Giorgio ITA"]
[Date "2008.08.26"]
[Round "6"]
[White "Trent, Lawrence"]
[Black "Navarro, Stefano"]
[Result "1-0"]
[WhiteElo "2470"]
[BlackElo "2259"]
[PlyCount "49"]
[EventDate "2008.08.21"]

1. e4 e5 2. Nf3 d6 3. Nc3 Nf6 4. d4 Nbd7 5. g4 Nxg4 6. Rg1 Ngf6 7. Bc4 h6 8.
Be3 c6 9. dxe5 dxe5 10. Qe2 Qe7 11. O-O-O Nb6 12. Nd2 Bd7 13. Bb3 Be6 14. f4
exf4 15. Bxf4 O-O-O 16. Nc4 Nxc4 17. Bxc4 Rxd1+ 18. Rxd1 Bg4 19. Qf2 Qc5 20.
Rd4 Qa5 21. e5 Nd7 22. Qg3 Be6 23. Bxe6 fxe6 24. Qg6 Qc5 25. Qe8+ 1-0

[Event "XX Festival A"]
[Site "Porto San Giorgio ITA"]
[Date "2008.08.26"]
[Round "6"]
[White "Vezzani, Stefano"]
[Black "Ortega, Lexy"]
[Result "0-1"]
[WhiteElo "2161"]
[BlackElo "2456"]
[PlyCount "112"]
[EventDate "2008.08.21"]

1. g3 e5 2. Bg2 d5 3. c4 dxc4 4. Qa4+ c6 5. Qxc4 Be6 6. Qc2 f6 7. Nc3 Nh6 8. d3
Nf5 9. Nf3 c5 10. Nd2 Nd4 11. Qd1 Nbc6 12. Nc4 Be7 13. Ne3 O-O 14. O-O Qd7 15.
Ned5 Rfd8 16. e3 Nf5 17. a3 Bf8 18. Qa4 Rac8 19. Bd2 Nfe7 20. e4 Nd4 21. Qxd7
Rxd7 22. Be3 Nb3 23. Rad1 Nc6 24. h4 Ncd4 25. Kh2 b5 26. Bh3 Bxh3 27. Kxh3 Rb7
28. Na2 b4 29. Bxd4 cxd4 30. axb4 Rc2 31. Nc1 Rxb2 32. Nxb3 Rxb3 33. f4 Bxb4
34. fxe5 fxe5 35. Rb1 Bd6 36. Rxb3 Rxb3 37. Ra1 Ra3 38. Rc1 Kf7 39. Rc6 Bf8 40.
Rc7+ Ke6 41. Rc6+ Kf7 42. Rc7+ Kg8 43. Kg4 Rxd3 44. Rxa7 h5+ 45. Kf5 Rxg3 46.
Kxe5 d3 47. Ra2 Bc5 48. Rd2 Rf3 49. Ke6 Bf2 50. Nb4 Be1 51. Rxd3 Rf6+ 52. Kd7
Bxb4 53. e5 Rf4 54. e6 Rxh4 55. e7 Bxe7 56. Kxe7 Re4+ 0-1

[Event "XX Festival A"]
[Site "Porto San Giorgio ITA"]
[Date "2008.08.26"]
[Round "6"]
[White "Voiska, Margarita"]
[Black "Foglia, Maurizio"]
[Result "1-0"]
[WhiteElo "2296"]
[BlackElo "2135"]
[PlyCount "77"]
[EventDate "2008.08.21"]

1. Nf3 d5 2. c4 d4 3. g3 Nc6 4. Bg2 e5 5. O-O Nf6 6. d3 Nd7 7. e3 Be7 8. exd4
exd4 9. Na3 O-O 10. Nc2 a5 11. Ncxd4 Nxd4 12. Nxd4 Nc5 13. Be3 Bf6 14. Nc6 Qd6
15. d4 Ne6 16. c5 Qd7 17. Ne5 Qb5 18. a4 Qxb2 19. Rb1 Qa2 20. c6 bxc6 21. Nxc6
Ba6 22. Re1 Rae8 23. Ra1 Qb2 24. Qc1 Qxc1 25. Raxc1 Rc8 26. d5 Nd8 27. Na7 Rb8
28. Bc5 Bb2 29. Bxf8 Bxc1 30. Bd6 Nb7 31. Bxc7 Bd2 32. Rd1 Re8 33. d6 Nc5 34.
Bc6 Re2 35. d7 Nxd7 36. Bxd7 Bb4 37. Bc8 Bxc8 38. Rd8+ Bf8 39. Nxc8 1-0

[Event "XX Festival A"]
[Site "Porto San Giorgio ITA"]
[Date "2008.08.27"]
[Round "7"]
[White "Bondielli, Giorgio"]
[Black "Ferri, Stefano"]
[Result "1/2-1/2"]
[WhiteElo "1929"]
[BlackElo "2146"]
[PlyCount "53"]
[EventDate "2008.08.21"]

1. e4 d5 2. exd5 Nf6 3. d4 Bg4 4. Be2 Bxe2 5. Qxe2 Qxd5 6. Nf3 e6 7. O-O Nc6 8.
Nc3 Qh5 9. Bf4 O-O-O 10. Rad1 a6 11. a3 Bd6 12. Bxd6 Rxd6 13. Ne4 Rd7 14. c3
Rhd8 15. b4 Rd5 16. Nc5 e5 17. b5 exd4 18. bxc6 Rxc5 19. cxb7+ Kxb7 20. cxd4
Rb5 21. a4 Rb6 22. Rc1 Rd5 23. Qc4 Rd7 24. Ne5 Ng4 25. Nxg4 Qxg4 26. Rfd1 Qf5
27. d5 1/2-1/2

[Event "XX Festival A"]
[Site "Porto San Giorgio ITA"]
[Date "2008.08.27"]
[Round "7"]
[White "Buono, Michele"]
[Black "Dragojlovic, Andjelko"]
[Result "0-1"]
[WhiteElo "2194"]
[BlackElo "2400"]
[PlyCount "34"]
[EventDate "2008.08.21"]

1. e4 c5 2. a3 g6 3. b4 Bg7 4. Nc3 d6 5. Nf3 Nc6 6. Rb1 Nf6 7. h3 O-O 8. Bc4
cxb4 9. axb4 Nxe4 10. Nxe4 d5 11. Bd3 dxe4 12. Bxe4 e5 13. b5 Na5 14. Bd3 e4
15. Be2 exf3 16. Bxf3 Re8+ 17. Kf1 Be6 0-1

[Event "XX Festival A"]
[Site "Porto San Giorgio ITA"]
[Date "2008.08.27"]
[Round "7"]
[White "Burani, Eugenio"]
[Black "Vezzani, Stefano"]
[Result "0-1"]
[WhiteElo "2018"]
[BlackElo "2161"]
[PlyCount "42"]
[EventDate "2008.08.21"]

1. e4 d5 2. exd5 Qxd5 3. Nf3 Bg4 4. Be2 Nc6 5. Nc3 Qd7 6. d3 e5 7. h3 Bf5 8.
Be3 O-O-O 9. Qd2 Nf6 10. O-O-O Bb4 11. a3 Ba5 12. Qe1 Rhe8 13. Bd2 Nd4 14. Nb1
Bb6 15. Bc3 Nd5 16. g4 Nf4 17. Nxd4 exd4 18. Rd2 dxc3 19. Nxc3 Bg6 20. Qf1 Qd4
21. Bf3 Ba5 0-1

[Event "XX Festival A"]
[Site "Porto San Giorgio ITA"]
[Date "2008.08.27"]
[Round "7"]
[White "Calandri, Fausto"]
[Black "Scipioni, Gaetano"]
[Result "0-1"]
[WhiteElo "2138"]
[BlackElo "2077"]
[PlyCount "82"]
[EventDate "2008.08.21"]

1. e4 d6 2. d4 Nf6 3. Nc3 c6 4. a4 Nbd7 5. Nf3 e5 6. Bc4 Be7 7. O-O O-O 8. Re1
h6 9. h3 Re8 10. a5 Qc7 11. d5 Nf8 12. Be3 Bd7 13. Qd3 c5 14. Bb5 g5 15. Bxd7
Qxd7 16. Nh2 Ng6 17. Qb5 Qc8 18. Qe2 Kg7 19. Ng4 Rh8 20. Nxf6 Bxf6 21. Nb5 Qd7
22. c4 a6 23. Nc3 Rag8 24. Ra3 h5 25. Na4 Bd8 26. Qd2 g4 27. hxg4 hxg4 28. b4
Nh4 29. Bxc5 dxc5 30. Nxc5 Qe7 31. Rg3 Ng6 32. Rxg4 Rh4 33. d6 Qf6 34. Rxh4
Qxh4 35. Nxb7 Rh8 36. f3 Bg5 37. Qc3 Qh1+ 38. Kf2 Bh4+ 39. g3 Qh2+ 40. Ke3 Bxg3
41. Rf1 Qg2 0-1

[Event "XX Festival A"]
[Site "Porto San Giorgio ITA"]
[Date "2008.08.27"]
[Round "7"]
[White "Calavalle, Giulio"]
[Black "Boscolo, Marco"]
[Result "1-0"]
[WhiteElo "2231"]
[BlackElo "2071"]
[PlyCount "31"]
[EventDate "2008.08.21"]

1. e4 e6 2. Nf3 d5 3. e5 c5 4. b4 cxb4 5. d4 Nc6 6. a3 Nh6 7. axb4 Bxb4+ 8. c3
Be7 9. Bd3 Nf5 10. Ba3 O-O 11. g4 Nh4 12. Nxh4 Bxa3 13. g5 Be7 14. Qh5 g6 15.
Nxg6 fxg6 16. Bxg6 1-0

[Event "XX Festival A"]
[Site "Porto San Giorgio ITA"]
[Date "2008.08.27"]
[Round "7"]
[White "Dann, Timothy"]
[Black "Lucchi, Lorenzo"]
[Result "1-0"]
[WhiteElo "2137"]
[BlackElo "2051"]
[PlyCount "47"]
[EventDate "2008.08.21"]

1. e4 d6 2. d4 Nf6 3. Nc3 e5 4. Nf3 exd4 5. Nxd4 Nc6 6. Be2 g6 7. Be3 Bg7 8. f4
O-O 9. O-O Re8 10. Bf3 Ng4 11. Bxg4 Bxg4 12. Qd2 Bd7 13. Rae1 Qf6 14. Nf3 Bg4
15. Kh1 Bxf3 16. Rxf3 Qe6 17. f5 Qe5 18. Nd5 Qxe4 19. Nxc7 Nd4 20. Rf4 Qxc2 21.
Nxe8 Qxd2 22. Bxd2 Be5 23. Rxd4 Bxd4 24. Nxd6 1-0

[Event "XX Festival A"]
[Site "Porto San Giorgio ITA"]
[Date "2008.08.27"]
[Round "7"]
[White "Della Corte, Alessandro"]
[Black "Mrdja, Milan"]
[Result "0-1"]
[WhiteElo "2247"]
[BlackElo "2409"]
[PlyCount "74"]
[EventDate "2008.08.21"]

1. e4 c5 2. Nf3 e6 3. d4 cxd4 4. Nxd4 Nf6 5. Nc3 d6 6. Be2 Be7 7. O-O O-O 8. f4
Nc6 9. Be3 a6 10. a4 Bd7 11. Nb3 b6 12. g4 Bc8 13. g5 Nd7 14. Bd3 Nc5 15. Nxc5
bxc5 16. Qh5 g6 17. Qh6 Re8 18. Rad1 Bf8 19. Qh4 Rb8 20. Bc1 Nd4 21. f5 Qc7 22.
Bc4 Bg7 23. Rd3 Qd8 24. f6 Bf8 25. Rh3 h5 26. Ne2 e5 27. Rc3 Rb4 28. Ng3 Rxa4
29. Nxh5 Rxc4 30. Rxc4 d5 31. Rxd4 exd4 32. Ng3 dxe4 33. Nxe4 Bb7 34. Ng3 Qd5
35. Qh3 c4 36. Bd2 d3 37. Rf4 dxc2 0-1

[Event "XX Festival A"]
[Site "Porto San Giorgio ITA"]
[Date "2008.08.27"]
[Round "7"]
[White "Di Bello, Nicolo'"]
[Black "Greabca, Irina"]
[Result "1/2-1/2"]
[WhiteElo "2046"]
[BlackElo "2126"]
[PlyCount "72"]
[EventDate "2008.08.21"]

1. d4 Nf6 2. Nf3 e6 3. Bg5 Be7 4. Nbd2 d5 5. e3 O-O 6. Bd3 h6 7. Bh4 c5 8. c3
Nc6 9. O-O b6 10. Bb5 Bb7 11. Qa4 Qc7 12. Qc2 Nh5 13. Bxe7 Nxe7 14. Be2 Nf6 15.
Ne5 Nc6 16. Ndf3 Nd7 17. Nxd7 Qxd7 18. Bb5 f6 19. Qg6 Qf7 20. Qg3 Ne7 21. Bd3
Rac8 22. Nh4 Rfd8 23. f4 f5 24. Nf3 Qg6 25. Qh4 Qf6 26. Qh3 Ng6 27. g4 fxg4 28.
Qxg4 Ne7 29. Nh4 Rc7 30. Rae1 Bc8 31. Qg3 Nf5 32. Bxf5 exf5 33. Nf3 Ba6 34. Rf2
Bd3 35. Ne5 Be4 36. Qg6 Qxg6+ 1/2-1/2

[Event "XX Festival A"]
[Site "Porto San Giorgio ITA"]
[Date "2008.08.27"]
[Round "7"]
[White "Di Caro, Calogero"]
[Black "Saccona, Silvano"]
[Result "1/2-1/2"]
[WhiteElo "2399"]
[BlackElo "2168"]
[PlyCount "33"]
[EventDate "2008.08.21"]

1. d4 c6 2. c4 d5 3. Nf3 e6 4. e3 Nf6 5. Bd3 Nbd7 6. O-O Qc7 7. Nc3 Be7 8. e4
dxe4 9. Nxe4 Nxe4 10. Bxe4 Nf6 11. Bc2 Bd6 12. b3 b6 13. Bd2 Bb7 14. b4 c5 15.
dxc5 bxc5 16. bxc5 Bxc5 17. Qe2 1/2-1/2

[Event "XX Festival A"]
[Site "Porto San Giorgio ITA"]
[Date "2008.08.27"]
[Round "7"]
[White "Eperjesi, Laszlo"]
[Black "Fercec, Nenad"]
[Result "1/2-1/2"]
[WhiteElo "2294"]
[BlackElo "2486"]
[PlyCount "35"]
[EventDate "2008.08.21"]

1. d4 d5 2. c4 Nc6 3. Nc3 dxc4 4. Nf3 a6 5. e3 b5 6. d5 Nb8 7. a4 b4 8. Ne4 Bf5
9. Qd4 c6 10. Ng3 Bd3 11. Bxd3 cxd3 12. Qxb4 cxd5 13. Qb7 Nd7 14. Qxd5 Ngf6 15.
Qxd3 e6 16. O-O Be7 17. Bd2 O-O 18. b4 1/2-1/2

[Event "XX Festival A"]
[Site "Porto San Giorgio ITA"]
[Date "2008.08.27"]
[Round "7"]
[White "Erdos, Viktor"]
[Black "Cioara, Andrei Nestor"]
[Result "1-0"]
[WhiteElo "2576"]
[BlackElo "2452"]
[PlyCount "77"]
[EventDate "2008.08.21"]

1. d4 Nf6 2. c4 e6 3. Nc3 Bb4 4. Qc2 O-O 5. Nf3 d6 6. Bg5 Nbd7 7. e3 b6 8. Bd3
h6 9. Bh4 Bb7 10. O-O Bxc3 11. Qxc3 c5 12. Nd2 Rc8 13. b4 d5 14. dxc5 bxc5 15.
b5 d4 16. Qc2 Qc7 17. Bg3 e5 18. Bf5 Rce8 19. Nb3 Qb6 20. a4 g6 21. a5 Qd8 22.
Bxd7 Nxd7 23. exd4 exd4 24. Qd2 Qf6 25. Rfe1 h5 26. Qf4 Qxf4 27. Bxf4 Re4 28.
Rxe4 Bxe4 29. Bd6 Rc8 30. Re1 Bd3 31. Nd2 Bf5 32. f3 Kg7 33. Kf2 Kf6 34. Ne4+
Kg7 35. Bf4 Re8 36. Nd6 Rxe1 37. Nxf5+ Kf6 38. Kxe1 Kxf5 39. Bc7 1-0

[Event "XX Festival A"]
[Site "Porto San Giorgio ITA"]
[Date "2008.08.27"]
[Round "7"]
[White "Estremera Panos, Sergio"]
[Black "Ruggeri, Pietro"]
[Result "1-0"]
[WhiteElo "2394"]
[BlackElo "2093"]
[PlyCount "63"]
[EventDate "2008.08.21"]

1. d4 d5 2. Nf3 Nc6 3. c4 e5 4. dxe5 d4 5. g3 Nge7 6. Bg2 Bg4 7. Nbd2 Qd7 8. h3
Bf5 9. a3 O-O-O 10. Nb3 Ng6 11. Bg5 Be7 12. Bxe7 Qxe7 13. Nbxd4 Nxd4 14. Nxd4
Qxe5 15. e3 Rhe8 16. O-O Be4 17. Bxe4 Qxe4 18. Qb1 Qxb1 19. Raxb1 Ne5 20. Rbc1
c5 21. Nb3 b6 22. Rc2 Rd3 23. Nc1 Rd7 24. Kg2 Red8 25. f4 Rd2+ 26. Rf2 Rxc2 27.
Rxc2 Nd3 28. Nxd3 Rxd3 29. Kf3 f5 30. g4 fxg4+ 31. hxg4 Rd1 32. g5 1-0

[Event "XX Festival A"]
[Site "Porto San Giorgio ITA"]
[Date "2008.08.27"]
[Round "7"]
[White "Farago, Ivan"]
[Black "Maiorov, Nikita"]
[Result "1/2-1/2"]
[WhiteElo "2482"]
[BlackElo "2535"]
[PlyCount "53"]
[EventDate "2008.08.21"]

1. d4 Nf6 2. c4 e6 3. Nf3 b6 4. a3 c5 5. d5 Ba6 6. Qc2 exd5 7. cxd5 g6 8. Nc3
Bg7 9. g3 O-O 10. Bg2 d6 11. O-O Re8 12. Rd1 Nbd7 13. Bf4 Qe7 14. Qa4 Bb7 15.
Nb5 Ne4 16. Nd2 Nxf2 17. Kxf2 g5 18. Ne4 gxf4 19. Nbxd6 fxg3+ 20. hxg3 f5 21.
Nxe8 Rxe8 22. Qxa7 fxe4 23. Qxb7 Bxb2 24. Bh3 e3+ 25. Kg1 Bxa1 26. Qxd7 Bf6 27.
Qxe7 1/2-1/2

[Event "XX Festival A"]
[Site "Porto San Giorgio ITA"]
[Date "2008.08.27"]
[Round "7"]
[White "Foglia, Maurizio"]
[Black "Antonelli, Fabrizio"]
[Result "1-0"]
[WhiteElo "2135"]
[BlackElo "2035"]
[PlyCount "57"]
[EventDate "2008.08.21"]

1. d4 Nf6 2. Nf3 g6 3. g3 Bg7 4. Bg2 O-O 5. O-O d6 6. Re1 Nbd7 7. e4 e5 8. c4
exd4 9. Nxd4 a5 10. Nc3 Re8 11. Be3 Ne5 12. b3 Bd7 13. a4 Nfg4 14. Bf4 g5 15.
Bxe5 Bxe5 16. Qd2 Qf6 17. Rad1 c5 18. Ndb5 Bxb5 19. Nxb5 Red8 20. h3 Nh6 21.
Qe2 Kh8 22. Rd3 Rac8 23. Red1 Rc6 24. Qd2 b6 25. Rf3 Qe7 26. Rd3 Ng8 27. f4
gxf4 28. gxf4 Bg7 29. e5 1-0

[Event "XX Festival A"]
[Site "Porto San Giorgio ITA"]
[Date "2008.08.27"]
[Round "7"]
[White "Giancotti, Eraldo"]
[Black "Andonov, Bogomil"]
[Result "0-1"]
[WhiteElo "2092"]
[BlackElo "2326"]
[PlyCount "125"]
[EventDate "2008.08.21"]

1. Nf3 d5 2. d4 c6 3. Bf4 Bg4 4. e3 e6 5. c4 Nd7 6. Nc3 Ngf6 7. Qb3 Bxf3 8.
gxf3 Qb6 9. c5 Qxb3 10. axb3 a6 11. b4 Rc8 12. Bd3 Nh5 13. Bg3 Be7 14. Ne2 g6
15. Nc1 Nxg3 16. hxg3 e5 17. Nb3 Bf6 18. Kd2 O-O 19. Na5 Rc7 20. Kc3 Re8 21. f4
exd4+ 22. exd4 Nf8 23. f5 Rce7 24. Rad1 Kg7 25. Bc2 h5 26. Rd2 Nh7 27. f4 Rd7
28. Rhh2 Bd8 29. Nb3 Nf6 30. fxg6 fxg6 31. Rhe2 Rde7 32. Re5 Ng4 33. Rde2 Nxe5
34. dxe5 Bc7 35. Nd4 Bxe5 36. fxe5 Rxe5 37. Rg2 Re3+ 38. Kd2 Kh6 39. Bf5 R3e5
40. Bd7 Rf8 41. Re2 Rxe2+ 42. Kxe2 Rf7 43. Bc8 Rc7 44. Bh3 Re7+ 45. Kd2 Kg7 46.
Kd3 Kf6 47. Nf3 g5 48. Nd4 g4 49. Bg2 Kg5 50. Kd2 Re5 51. Ne2 h4 52. gxh4+ Kxh4
53. Kd3 g3 54. Nd4 Kg4 55. Nc2 Re7 56. Ne3+ Kf4 57. Nf1 Re1 58. Nd2 Rg1 59. Bh3
Rh1 60. Bg2 Rh2 61. Bf1 g2 62. Bxg2 Rxg2 63. Nb3 0-1

[Event "XX Festival A"]
[Site "Porto San Giorgio ITA"]
[Date "2008.08.27"]
[Round "7"]
[White "Gordon, Stephen J."]
[Black "Tugui, Adrian"]
[Result "1/2-1/2"]
[WhiteElo "2508"]
[BlackElo "2375"]
[PlyCount "88"]
[EventDate "2008.08.21"]

1. d4 Nf6 2. c4 c5 3. d5 e5 4. Nc3 d6 5. e4 Be7 6. g3 O-O 7. Bg2 Ne8 8. Nge2 g6
9. Bh6 Ng7 10. h4 Nd7 11. Qd2 a6 12. a4 b6 13. f3 Kh8 14. h5 g5 15. Bh3 Rg8 16.
Nd1 Ne8 17. Ne3 Bf8 18. Nf5 Qf6 19. Bxf8 Nxf8 20. a5 bxa5 21. Qc3 Ng7 22. Nxg7
Bxh3 23. Rxh3 g4 24. Rh2 Qxg7 25. h6 Qf6 26. f4 Nd7 27. f5 Rgb8 28. Rxa5 Qg5
29. Ra2 Rb4 30. Kf2 Nf6 31. Qc2 Nh5 32. Nc1 Rab8 33. b3 Qxh6 34. Rh1 Qg5 35.
Rxa6 Nxg3 36. Kxg3 Qe3+ 37. Kg2 Qf3+ 38. Kg1 Qg3+ 39. Kf1 Rxb3 40. Nxb3 Rxb3
41. Rh2 Rf3+ 42. Rf2 Qh3+ 43. Kg1 Qg3+ 44. Kf1 Qh3+ 1/2-1/2

[Event "XX Festival A"]
[Site "Porto San Giorgio ITA"]
[Date "2008.08.27"]
[Round "7"]
[White "Hera, Imre jr"]
[Black "Fedorchuk, Sergey A."]
[Result "1/2-1/2"]
[WhiteElo "2518"]
[BlackElo "2624"]
[PlyCount "24"]
[EventDate "2008.08.21"]

1. d4 Nf6 2. Nf3 e6 3. c4 b6 4. g3 Ba6 5. b3 Bb7 6. Bg2 Bb4+ 7. Bd2 a5 8. O-O
O-O 9. Qc2 d6 10. Bc3 d5 11. cxd5 Nxd5 12. Bb2 a4 1/2-1/2

[Event "XX Festival A"]
[Site "Porto San Giorgio ITA"]
[Date "2008.08.27"]
[Round "7"]
[White "Jovanic, Ognjen"]
[Black "Naumkin, Igor"]
[Result "1/2-1/2"]
[WhiteElo "2493"]
[BlackElo "2502"]
[PlyCount "51"]
[EventDate "2008.08.21"]

1. d4 e6 2. c4 f5 3. g3 Nf6 4. Bg2 Be7 5. Nf3 O-O 6. d5 Bb4+ 7. Bd2 Qe7 8. O-O
Bxd2 9. Qxd2 e5 10. d6 cxd6 11. Nc3 Nc6 12. Rfd1 Ne8 13. Nd5 Qd8 14. b4 b6 15.
a4 Rb8 16. Ne1 Bb7 17. Nc2 Kh8 18. a5 e4 19. axb6 axb6 20. Nce3 Ne5 21. Qd4
Bxd5 22. Nxd5 Nc6 23. Qc3 Ne5 24. Qd4 Nc6 25. Qc3 Ne5 26. Qd4 1/2-1/2

[Event "XX Festival A"]
[Site "Porto San Giorgio ITA"]
[Date "2008.08.27"]
[Round "7"]
[White "Kizov, Atanas"]
[Black "Sautto, Daniele"]
[Result "1/2-1/2"]
[WhiteElo "2426"]
[BlackElo "2206"]
[PlyCount "100"]
[EventDate "2008.08.21"]

1. d4 d5 2. c4 c6 3. cxd5 cxd5 4. Bf4 Nc6 5. e3 Nf6 6. Nc3 a6 7. Bd3 Bg4 8.
Nge2 e6 9. O-O Be7 10. Rc1 O-O 11. f3 Bh5 12. Na4 Nd7 13. Qb3 Ra7 14. Nc5 Nxc5
15. dxc5 Bg5 16. Rfd1 e5 17. Bxg5 Qxg5 18. Ng3 Qxe3+ 19. Kh1 Bg6 20. Nf1 Qg5
21. Bxg6 hxg6 22. Qxd5 Rd8 23. Qc4 Raa8 24. b4 Rd4 25. Rxd4 exd4 26. Rd1 Rd8
27. a3 Qd5 28. Qxd5 Rxd5 29. Nd2 a5 30. Rb1 axb4 31. axb4 Ne5 32. Kg1 g5 33.
Kf1 b6 34. Ne4 f6 35. Rc1 bxc5 36. bxc5 Nc6 37. Ke2 Kf7 38. Rb1 f5 39. Rb7+ Kg6
40. Rb6 fxe4 41. Rxc6+ Kf5 42. fxe4+ Kxe4 43. Rc8 Re5 44. c6 Rc5 45. Kd2 Kd5
46. c7 Kc4 47. Kc2 Rc6 48. Kd2 Rc5 49. Kc2 Rc6 50. Kd2 Rc5 1/2-1/2

[Event "XX Festival A"]
[Site "Porto San Giorgio ITA"]
[Date "2008.08.27"]
[Round "7"]
[White "Lantini, Marco"]
[Black "Maksimovic, Miodrag"]
[Result "1-0"]
[WhiteElo "2212"]
[BlackElo "2003"]
[PlyCount "93"]
[EventDate "2008.08.21"]

1. d4 c5 2. d5 e5 3. e4 d6 4. Nc3 Be7 5. Nf3 Bg4 6. h3 Bxf3 7. Qxf3 a6 8. Qg3
g6 9. Be2 Bh4 10. Qe3 h6 11. O-O Bg5 12. Qg3 Bxc1 13. Raxc1 Qg5 14. Qg4 Ne7 15.
g3 Qxg4 16. hxg4 Nd7 17. Kg2 O-O 18. a4 Kg7 19. Nd1 f5 20. exf5 gxf5 21. Ne3
fxg4 22. Bxg4 Nf6 23. Be2 Nfxd5 24. Nxd5 Nxd5 25. Rfd1 Nb6 26. Rxd6 Nxa4 27.
Rh1 Rad8 28. Rhxh6 Rxd6 29. Rxd6 Rf6 30. Rd5 Rb6 31. b3 Nc3 32. Rxe5 Kf6 33.
Rh5 Kg6 34. Bf3 Rb5 35. Rh4 b6 36. Rc4 Nb1 37. Ra4 Ra5 38. Rxa5 bxa5 39. Bb7
Kf6 40. Bxa6 Na3 41. Bd3 c4 42. bxc4 Nb1 43. c5 a4 44. c6 a3 45. c7 a2 46. c8=Q
a1=Q 47. Qh8+ 1-0

[Event "XX Festival A"]
[Site "Porto San Giorgio ITA"]
[Date "2008.08.27"]
[Round "7"]
[White "Marozzi, Giovanni"]
[Black "Caprio, Guido"]
[Result "0-1"]
[WhiteElo "2041"]
[BlackElo "2188"]
[PlyCount "120"]
[EventDate "2008.08.21"]

1. e4 c5 2. Nf3 d6 3. d4 cxd4 4. Nxd4 Nf6 5. Nc3 a6 6. Bc4 e6 7. Be3 b5 8. Bd3
Bb7 9. f3 Nbd7 10. Nb3 Be7 11. Qd2 Qc7 12. O-O-O b4 13. Ne2 d5 14. exd5 Nxd5
15. Be4 O-O 16. h4 a5 17. Nf4 a4 18. Nd4 Nxe3 19. Qxe3 Bxe4 20. Qxe4 Nf6 21.
Nfxe6 fxe6 22. Qxe6+ Kh8 23. Kb1 a3 24. Qb3 Rfc8 25. Rhe1 axb2 26. Ne6 Qa7 27.
Qxb2 Rc3 28. Ng5 Bc5 29. Rd3 Rxd3 30. cxd3 Nd5 31. Ne4 Nc3+ 32. Nxc3 bxc3 33.
Qc2 Ba3 34. Qxc3 Bb4 35. Qxb4 Qxa2+ 36. Kc1 Rc8+ 37. Qc4 Rxc4+ 38. dxc4 Qxc4+
39. Kd2 Qd4+ 40. Ke2 Qxh4 41. Kf1 h5 42. Re4 Qf6 43. Kf2 Kh7 44. Kg3 Kh6 45.
Kf2 Kg6 46. Kg3 Qd6+ 47. Kf2 Kf5 48. g4+ hxg4 49. Rxg4 Qh2+ 50. Ke3 g6 51. Re4
Qg3 52. Ke2 g5 53. Ke3 Qe1+ 54. Kd3 Qf2 55. Re3 Kf4 56. Re8 Qxf3+ 57. Kd2 Qd5+
58. Ke1 Qa5+ 59. Kf2 Qb6+ 60. Ke1 Qe3+ 0-1

[Event "XX Festival A"]
[Site "Porto San Giorgio ITA"]
[Date "2008.08.27"]
[Round "7"]
[White "Navarro, Stefano"]
[Black "Massironi, Marco"]
[Result "1/2-1/2"]
[WhiteElo "2259"]
[BlackElo "2145"]
[PlyCount "97"]
[EventDate "2008.08.21"]

1. e4 c5 2. Nf3 d6 3. d4 cxd4 4. Nxd4 Nf6 5. Nc3 a6 6. f4 e5 7. Nb3 b5 8. fxe5
dxe5 9. Qxd8+ Kxd8 10. Be3 Bb4 11. O-O-O+ Ke7 12. Bc5+ Bxc5 13. Nxc5 Bg4 14.
Nd5+ Nxd5 15. Rxd5 Nc6 16. h3 Be6 17. Nxe6 fxe6 18. Rd2 Rac8 19. Be2 Rhf8 20.
Rhd1 Nd4 21. Bd3 a5 22. Rf1 Rxf1+ 23. Bxf1 b4 24. Rf2 a4 25. Bd3 g5 26. Kd2 a3
27. bxa3 bxa3 28. c3 Nc6 29. Rf1 Rb8 30. Rb1 Rxb1 31. Bxb1 Kd6 32. Bd3 Na5 33.
Kc2 Kc5 34. Be2 h6 35. g3 Kd6 36. Ba6 Kc5 37. h4 gxh4 38. gxh4 Kd6 39. Bd3 Kc5
40. Ba6 Kd6 41. Be2 Kc5 42. Bf1 Kd6 43. Bd3 Kc5 44. Be2 Kd6 45. h5 Kc5 46. Bf1
Kd6 47. c4 Kc5 48. Kc3 Nb7 49. Be2 1/2-1/2